Επιλογή μέσου μεταφοράς : διπλωματική εργασία

Αποθηκεύτηκε σε:
Λεπτομέρειες βιβλιογραφικής εγγραφής
Κύριος συγγραφέας: Τσαπέλας, Ευάγγελος
Συγγραφή απο Οργανισμό/Αρχή: Πανεπιστήμιο Αιγαίου Σχολή Επιστημών της Διοίκησης Τμήμα Ναυτιλίας και Επιχειρηματικών Υπηρεσιών Πρόγραμμα Μεταπτυχιακών Σπουδών "Ναυτιλία, Μεταφορές και Διεθνές Εμπόριο - ΝΑ.Μ.Ε."
Άλλοι συγγραφείς: Πολυδωροπούλου, Αμαλία (Εισηγητής διατριβής)
Μορφή: Thesis Βιβλίο
Γλώσσα:Greek
Δημοσίευση: 2008
Θέματα:
Διαθέσιμο Online:http://hdl.handle.net/11610/13142
Ετικέτες: Προσθήκη ετικέτας
Δεν υπάρχουν, Καταχωρήστε ετικέτα πρώτοι!

MARC

LEADER 00000cam a2200000 i 4500
001 1/99690
008 081217s2008 gre d
035 |l 10102560 
040 |a GR-MY-UA  |b gre  |e aacr 
041 0 |a gre 
082 0 |a 387  |2 (22) 
100 1 |a Τσαπέλας, Ευάγγελος. 
245 1 0 |a Επιλογή μέσου μεταφοράς :  |b διπλωματική εργασία /  |c Τσαπέλας Ευάγγελος ; επιβλέπουσα Πολυδωροπούλου Αμαλία 
260 |c 2008 
300 |a 144 σ.;  |b διαγρ., πίν;  |c 30 εκ. 
502 |a Διατριβή (μεταπτυχιακή) – Πανεπιστήμιο Αιγαίου, Χίος, 2008. 
504 |a Περιλαμβάνει βιβλιογραφία 
610 2 0 |a Πανεπιστήμιο Αιγαίου. 
650 0 0 |a Transportation. 
650 0 0 |a Air travel. 
650 0 0 |a Aeronautics, Commercial. 
650 0 0 |a Ocean travel. 
650 0 0 |a Shipping. 
650 0 0 |a Dissertations, Academic  |z Greece. 
700 1 |4 ths  |a Πολυδωροπούλου, Αμαλία. 
710 1 |a Πανεπιστήμιο Αιγαίου  |b Σχολή Επιστημών της Διοίκησης  |b Τμήμα Ναυτιλίας και Επιχειρηματικών Υπηρεσιών  |b Πρόγραμμα Μεταπτυχιακών Σπουδών "Ναυτιλία, Μεταφορές και Διεθνές Εμπόριο - ΝΑ.Μ.Ε.". 
852 |a INST  |b CHIOS  |c DIATR  |e 20081217  |h 387 ΤΣΑ  |p 005200029263  |q 005200029263  |t MTXE  |y 23 
852 |a INST  |b CHIOS  |c DIATR  |e 20081217  |h 387 ΤΣΑ  |p 005200029265  |q 005200029265  |t MTXE  |y 23 
856 |u http://hdl.handle.net/11610/13142 
901 |a BIBL2-2008-3 
909 |a Χ  |b 146965 
909 |a Χ  |b 146964 
924 |a ΤΣΑΠΕΛΑΣ  |b ΕΥΑΓΓΕΛΟΣ  |y ΧΙΟΣ  |z 2008-11 
970 |a ΒΑΣΙΛΑΚΗ  |b ΝΙΚΗ  |z 2008/12/17